000 00262nam a2200109Ia 4500
008 190914s9999||||xx |||||||||||||| ||und||
100 _aDonald R.Cooper
245 0 _aBusiness Research Methods
260 _aUSA
_bPrentice Hall
_c2005
300 _a453
942 _cBK
999 _c9165
_d9165